Statistics for Can you name the major characters from Full Metal Jacket?

Click here to take the quiz!

General Stats

  • This quiz has been taken 60 times
    (59 since last reset)
  • The average score is 6 of 20

Answer Stats

HintCharacters% Correct
Jelly donut eaterPvt. Pyle
98%
Born to killPvt. Joker
93%
"SHOW ME YOUR WAR FACE!"Gny. Sgt. Hartman
76%
"There's not one horse in Vietnam"Pvt. Cowboy
72%
"Imma tear you a new asshole!"Animal Mother
61%
Extremely loudPvt. Snowball
59%
Billiard ballEightball
48%
"Well, who'll be the Indians?"Rafterman
35%
The ultimate antagonistVC Sniper
22%
"You write "Born to kill" on your helmet AND you wear a peace button, what's that supposed to be, some kind of sick joke?"Poge Colonel
15%
Rebel helperDoc Jay
11%
Killed innocent people from the helicopterDoorgunner
11%
Killed in a booby trapCrazy Earl
7%
First notable person killed in the Vietnam WarLt. Touchdown
7%
"He thinks "The Bad Bush" is between old mama-san's legs"Payback
7%
Name is kinda R-Rated I guess...Hand Job
4%
From Hartford, ConnecticutLt. Cleves
4%
"Grunts like reading about dead officers" Lt. Lockhart
4%
"I mean, we're getting killed for these people, and they don't even appreciate it. They think it's a big joke."Donlon
2%
"No more boom boom for this baby san"T.H.E. Rock
2%

Score Distribution

Percentile by Number Answered

Percent of People with Each Score

Your Score History

You have not taken this quiz since the last reset